| 000 | 01101nam0a22002771 4500 | ||
|---|---|---|---|
| 001 | rc\324548 | ||
| 005 | 20260313113417.0 | ||
| 010 |
_a5-08-000116-X _9150000 |
||
| 035 | _a(NLR Aleph) 005558570 | ||
| 090 |
_a5886753 _c5886754 |
||
| 100 | _a20030307d1989 u y0rusy50 ca | ||
| 101 | 0 | _arus | |
| 102 | _aRU | ||
| 105 | _aa ||||||||| | ||
| 200 | 1 |
_aКукла _e[Для дошк. возраста] _fГ. Черкашин _gРис. Г.А.В. Траугот |
|
| 210 |
_aЛ. _cДет. лит. Ленингр. отд-ние _d1989 |
||
| 215 |
_a30, [2] с. _cцв. ил. _d28 |
||
| 700 | 1 |
_7ca _8rus _aЧеркашин _bГ. А. _f1936-1996 _gГеннадий Александрович _96939 _3RU\NLR\AUTH\7723886 |
|
| 702 | 1 |
_4440 _7ca _8rus _aТраугот _bА. Г. _f1931- _gАлександр Георгиевич _929695 _3RU\NLR\AUTH\7746760 |
|
| 702 | 1 |
_4440 _7ca _8rus _aТраугот _bВ. Г. _f1936-2009 _gВалерий Георгиевич _929694 _3RU\NLR\AUTH\7746759 |
|
| 801 | 0 |
_aRU _bNLR _gpsbo |
|
| 801 | 1 |
_aRU _bELAR _2rusmarc |
|
| 852 |
_aNLR _j89-8/1574 |
||
| 942 | _cBOOK | ||
| 980 | _aNB | ||